A Tolnai borvidék turizmusa

Bibliográfiai részletek
Szerző: Tillmann Ditta
További közreműködők: Remenyik Dr. Bulcsú
Dokumentumtípus: Diplomadolgozat
Kulcsszavak:Bor
Tolnai borvidék
borászat
minőség
borturizmus
Online Access:http://dolgozattar.uni-bge.hu/7540

MARC

LEADER 00000nta a2200000 i 4500
001 dolg7540
005 20161215111051.0
008 161005suuuu hu om 000 hun d
040 |a BGE Dolgozattár Repozitórium  |b hun 
041 |a hu 
100 1 |a Tillmann Ditta 
245 1 2 |a A Tolnai borvidék turizmusa  |c Tillmann Ditta  |h [elektronikus dokumentum] 
695 |a Bor 
695 |a Tolnai borvidék 
695 |a borászat 
695 |a minőség 
695 |a borturizmus 
700 1 |a Remenyik Dr. Bulcsú  |e ths 
856 4 0 |u http://dolgozattar.uni-bge.hu/7540/2/A%20Tolnai%20Borvid%C3%A9k%20turizmusa%20szakdolgozat%20jav.pdf  |z Dokumentum-elérés